Anagrammes de chanteurs français - Statistiques

Statistiques générales
  • Ce quiz a été pris 937 fois
  • Le résultat moyen est 18 sur 27
Statistiques - réponses
Anageramme Prénom du chanteur Nom du chanteur % Correct
Alma Serge Lama
96%
Ame Christophe Mae
95%
Brûle Patrick Bruel
94%
Gerber Michel Berger
92%
Rode Julien Dore
92%
Bâcler Francis Cabrel
86%
Envolai Marc Lavoine
86%
Frère Leo Ferré
84%
Trente Charles Trenet
82%
Soirs Tino Rossi
81%
Barnabé Benabar
80%
Tubera Jean-Louis Aubert
78%
Villa Philippe Lavil
73%
Douars Michel Sardou
73%
Servir Dick Rivers
71%
Délits Sacha Distel
69%
Prêtre Pierre Perret
66%
Drame Jean-Pierre Mader
61%
Frater Jean Ferrat
58%
Moins Yves Simon
55%
Berta Guy Beart
51%
Maton Marcel Amont
42%
Cloras Carlos
42%
Etonnai Antoine
39%
Rude Gilles Dreu
39%
Lande Pascal Danel
33%
Delmar Guy Mardel
29%
Aucun quiz correspondant
Distribution des résultats
% des personnes avec chaque résultat
Percentile par nombre de réponses
Votre historique - résultats
Vous n’avez pas pris ce quiz